000 00563nam a2200181Ia 4500
008 090124s9999 xx 000 0 und d
082 _b43062
100 _aपोटे सतेज
245 _aJIVLAG BHETI जिवलग भेटी
250 _a1
260 _bमॅजेस्टिक प्रकाशन
_c2004
300 _a108
600 _aपोटे सतेज
630 _aJIVLAG BHETI जिवलग भेटी
700 _aपोटे सतेज
730 _aJIVLAG BHETI जिवलग भेटी
942 _cBOOK
999 _c109275
_d109275